Normal view
MARC view
Entry Personal Name
001 - CONTROL NUMBER
- control field: 16213
003 - CONTROL NUMBER IDENTIFIER
- control field: OSt
005 - DATE AND TIME OF LATEST TRANSACTION
- control field: 20220812140602.0
008 - FIXED-LENGTH DATA ELEMENTS
- fixed length control field: 220812|| aca||aabn | a|a d
040 ## - CATALOGING SOURCE
- Original cataloging agency: OSt
- Transcribing agency: OSt
100 ## - HEADING--PERSONAL NAME
- Personal name: Monaco, Thomas J. ; Stephen C. Weller; Floyd M. Ashton
670 ## - SOURCE DATA FOUND
- Source citation: Work cat.: (OSt): Monaco, Thomas J. ; Stephen C. Weller; Floyd M. Ashton, Weed science : , Β©2002
